| 000 | 00879nam a2200241 a 4500 | ||
|---|---|---|---|
| 001 | 000024750 | ||
| 005 | 20200930023339.0 | ||
| 008 | 110203s1965 sp r 000 0 spa d | ||
| 040 |
_aDO-SdBNP _bspa _cBNPHU |
||
| 041 | 1 | 7 |
_aspa _hfre _2Código de idiomas MARC |
| 082 |
_ann* _bnn* |
||
| 100 | 1 |
_aPauwels, Louis. _950782 |
|
| 240 | 1 | 0 |
_aLe matin des magiciens. _lEspañol |
| 245 | 1 | 3 |
_aEL retorno de los brujos : _bintroducción al realismo fantástico / _cLouis Pauwels y Jacques Bergies ; traducción de J. Ferrer Aleu. |
| 250 | _a4a ed. | ||
| 260 |
_aBarcelona : _bPlaza & Janés, _c1965. |
||
| 300 |
_a483 p. ; _c22 cm. |
||
| 534 |
_aTítulo de la obra original : _tLe matin des magiciens |
||
| 500 | _aIncluye referencias bibliográficas y notas al pie de las páginas. | ||
| 700 | 1 |
_aBergier, Jacques. _950783 |
|
| 700 | 1 |
_aFerrer Aleu, J., _etr. _913598 |
|
| 049 | _aBNGR | ||
| 999 |
_c24243 _d24243 |
||